| 000 | 01317nam a2200349 c 4500 | ||
|---|---|---|---|
| 999 |
_c199971 _d199971 |
||
| 003 | BLK | ||
| 005 | 20250104121354.0 | ||
| 008 | 180411b bul|||||r ||||||| ||bul|| | ||
| 010 | _aKNG00209385000 | ||
| 020 | _a978-619-164-251-9 | ||
| 040 | _aBLK | ||
| 041 |
_aBUL _cBUL |
||
| 072 | 7 |
_2bullib _aН84 _xБългарска художествена литература Н |
|
| 080 |
_aБългарска литература _b821.163.2 _x-31 _z821.163.2-31 |
||
| 100 | 1 |
_aРайкова, Венета Руменова _eпърви автор _9341413 |
|
| 139 |
_aРайкова, Венета Руменова _bР 27 |
||
| 245 | 1 | 0 |
_aВендета _bРоман _cВенета Руменова Райкова; * Венета Руменова Райкова-Георгиева. |
| 257 | _aBGR | ||
| 260 |
_bEnthusiast _c2017 _fСофия : Алианс принт |
||
| 300 |
_a352 с. _c21 см |
||
| 380 | _aX | ||
| 653 | _aромани | ||
| 659 | _aН | ||
| 700 | 1 |
_aРайкова-Георгиева, Венета Руменова _e* _9341414 |
|
| 852 | _aЦб 291974 | ||
| 856 | 4 | _qpdf | |
| 856 | 4 | _qpdf | |
| 942 |
_cKNG _n0 _0100 |
||
| 944 |
_aCR _c11.07.2017 _lИваничка Йорданова _k30553 |
||
| 944 |
_aED _c20.07.2017 _lф / _kЛюдмила_Стоянова |
||
| 999 | _d199971 | ||